[Event "VISA Nordic GP Final"]
[Site "Gentofte"]
[Date "1999.08.09"]
[Round "3"]
[White "Hector, Jonny"]
[Black "Borge, Nikolaj"]
[Result "1-0"]
[WhiteElo "2505"]
[BlackElo "2426"]
[Annotator "Gershon,A"]
[PlyCount "46"]
[EventDate "1999.08.05"]
[EventType "tourn"]
[EventRounds "13"]
[EventCountry "DEN"]
[EventCategory "9"]
[SourceTitle "CBM 073"]
[Source "ChessBase"]
[SourceDate "1999.12.01"]
[SourceVersion "1"]
[SourceVersionDate "1999.12.01"]
[SourceQuality "1"]

1. e4 c5 2. Nc3 Nc6 3. Nf3 Nf6 4. Bb5 Nd4 5. e5 Nxb5 6. Nxb5 Nd5 7. Ng5 h6 (
7... f5 8. O-O a6 (8... e6 9. d4 c4 10. b3 c3 11. Qf3 Qa5 12. a4 a6 13. Nd6+
Bxd6 14. exd6 {1/2-1/2 Gipslis,A-Schmittdiel,E/Dortmund 1998/EXT 99 (14)}) 9.
Nc3 Nxc3 10. dxc3 e6 11. Qf3 (11. Re1 Qc7 12. Qf3 g6 13. Qg3 b6 14. Nh3 Bg7 15.
Bg5 O-O 16. Be7 Re8 17. Bd6 Qc6 18. Nf4 Bb7 19. Qg5 Qc8 20. Rad1 Be4 21. h4 Qd8
22. Qg3 Kh8 23. f3 Bxc2 24. Rd2 Ba4 25. Nh3 Bh6 26. Ng5 Bxg5 27. hxg5 $36 {
1/2-1/2 Zezulkin,J-Agamaliev,G/Polanica Zdroj POL 1999 (38)}) 11... g6 12. Qg3
b6 13. h4 Bb7 14. Rd1 Qc7 15. Bf4 Qc6 16. Nf3 O-O-O 17. Bg5 Re8 18. Bf6 Rg8 19.
Rd2 h6 20. Rad1 g5 21. Rxd7 g4 22. Ne1 Qxd7 23. Rxd7 Kxd7 24. Nd3 c4 25. Nf4
Bc5 26. b4 cxb3 27. cxb3 b5 28. Qd3+ $16 {1-0 Hansen,S-Agdestein,S/Gentofte
DEN 1999 (52)}) (7... Nc7 8. Qh5 g6 9. Qf3 f5 10. exf6 d6 11. Nxc7+ Qxc7 12.
O-O Bh6 13. d4 Bxg5 14. Bxg5 h6 15. Bh4 Qc6 16. f7+ Kf8 17. Bxe7+ {1-0
Yakovich,Y-Reinderman,D/Leeuwarden 1994/EXT 97 (17)}) (7... e6 $6 {[%csl Gd6]}
8. Ne4 Be7 9. c4 Nb4 10. Nbd6+ Kf8 11. d4 cxd4 12. Qh5 Nd3+ 13. Ke2 Nxc1+ 14.
Raxc1 g6 15. Qf3 f5 16. exf6 $16 {1-0 Tseshkovsky,V-Anastasian,A/Moscow 1995/
CBM 47 (37)}) 8. Ne4 (8. Nxf7 $5 Kxf7 9. Qf3+ Ke6 (9... Nf6 10. exf6 gxf6 11.
Qh5+ Kg7 12. a4 e6 13. Ra3 Rg8 14. Rg3+ Kh7 15. Rxg8 Kxg8 16. Qg6+ Kh8 17. d3
$18 {1-0 Arancibia,E-Dumas Aviles,A/Santiago de Chile 1997/EXT 98 (31)}) 10. c4
Nb6 11. d4 d5 12. dxc5 Nxc4 13. Nd4+ Kd7 14. e6+ Kc7 15. Bf4+ {1-0 Romero
Holmes,A-Soto Perez,S/Malaga 1998/CBM 63 ext (15)}) 8... Qb6 $6 (8... a6 $142)
9. c4 Nf4 $2 {After the text black falls behind in development, which he will
not be able to fix through the very end of the game.} (9... g6 10. Qe2 Nf4 (
10... Nc7 $4 11. Nxc7+ Qxc7 12. Nd6+ $1 $18) 11. Qf3 $16) (9... a6 10. cxd5
axb5 11. O-O $13) 10. Qf3 Ng6 (10... g5 $6 11. d4 (11. d3 $2 Ng6 12. Qg3 Bg7
13. e6 O-O $17) (11. h4 $6 Ng6 12. hxg5 Nxe5 13. Qc3 d6 (13... Bg7 $2 14. Rxh6
$1 Bxh6 15. Qxe5 $18) 14. f4 Ng6 15. Qe3 {[%cal Ge4d6]} Kd8 $15) 11... Ng6 (
11... cxd4 12. Bxf4 gxf4 13. Qxf4 {[%cal Ge5e6]} a6 $2 (13... Qa5+ 14. Kf1 Bg7
15. Ned6+ exd6 16. Nxd6+ Kd8 17. Nxf7+ Kc7 (17... Ke7 18. Nxh8 Bxh8 19. Qxh6
$40) 18. e6+) 14. Nbd6+ exd6 15. Nf6+ Kd8 16. Nd5 Qa5+ (16... Qc6 17. Qf6+ Ke8
18. Qxh8 $18) 17. b4 Qa4 18. Qf6+ Ke8 19. Nc7#) 12. dxc5 $16) 11. Qg3 {[%csl
Gc8,Gf8]} a6 12. Nbc3 {[%cal Gc3d5]} e6 13. h4 $1 {Exploiting the lack of
coordination of the black forces.} h5 {[%csl Gg5]} 14. d3 Qc6 (14... Be7 15.
Bg5 Bxg5 (15... O-O 16. Bxe7 Nxe7 17. Qg5 Ng6 18. O-O-O $18 {[%cal Gg2g4,Gh4h5]
}) 16. Nd6+ Kf8 17. Qxg5 Kg8 (17... Qxb2 $4 18. Qd8#) 18. O-O-O {[%csl Ga8,Gc8,
Gh8]}) 15. a4 $1 {White does not want to give black any chance to get his
pieces out or gain any space with the pawns.} (15. Bg5 {was also possible of
course but the text is much more percise.} b5 16. O-O b4 17. Nd1 Bb7 18. Ne3
$16) 15... b6 16. Bg5 Bb7 17. O-O Qc7 (17... d5 18. exd6 f5 19. Be3 $1 (19. Nd2
$2 Bxd6 $15) 19... Kf7 (19... O-O-O 20. Qxg6 fxe4 21. Nxe4 $16) 20. Ng5+ Kg8
21. Nxe6 $18) 18. f4 {[%cal Gf4f5] Black cannot wait untill white improves his
position even more, and has to act somehow, the problem is that white is much
better prepared for any kind of action} d5 19. f5 Nxe5 $2 (19... dxe4 20. fxg6
fxg6 21. dxe4 $16) (19... exf5 20. Nd6+ Bxd6 21. exd6 Qd7 22. Rae1+ Kf8 23.
cxd5 $16) 20. fxe6 dxe4 (20... fxe6 21. cxd5 exd5 22. Rf5 $18) 21. exf7+ Kd7
22. dxe4 Bd6 23. Rad1 Kc8 (23... Ke6 24. Bf4 $18) (23... Kc8 24. Qxe5 $1 Bxe5
25. f8=Q+ Rxf8 26. Rxf8+ $18) 1-0

[Event "Chigorin Memorial 07th"]
[Site "St Petersburg"]
[Date "1999.11.10"]
[Round "9"]
[White "Najer, Evgeniy"]
[Black "Kovalevskaya, Ekaterina"]
[Result "1-0"]
[WhiteElo "2562"]
[BlackElo "2497"]
[Annotator "Gershon,A"]
[PlyCount "55"]
[EventDate "1999.11.02"]
[EventType "swiss"]
[EventRounds "9"]
[EventCountry "RUS"]
[SourceTitle "CBM 074"]
[Source "ChessBase"]
[SourceDate "2000.02.01"]
[SourceVersion "1"]
[SourceVersionDate "2000.02.01"]
[SourceQuality "1"]

1. e4 {Bangiev} c5 2. Nc3 (2. Nf3 Nc6 3. Nc3 Nd4 4. Bc4 e6 5. d3 Ne7 6. Nxd4
cxd4 7. Ne2 b5 8. Bb3 Nc6 9. c3 Bc5 10. O-O Bb7 11. Kh1 Qe7 12. Bd2 a5 13. a3
O-O 14. f4 g6 15. f5 gxf5 16. exf5 Qh4 17. Rf4 Qh5 18. Qe1 $16 {1/2-1/2 Bex,
P-Cherniaev,A/Biel 1997/CBM 60 ext (55)}) 2... Nc6 3. Bb5 Nd4 4. Bc4 e6 5. Nf3
Ne7 (5... Nxf3+ 6. Qxf3 d6 7. O-O Nf6 8. Qg3 a6 9. d3 b5 10. Bb3 Bb7 11. Re1 g6
12. Bg5 h6 13. Be3 $16 {1-0 Najer,E-Safaev,A/Moscow 1996/CBM 56 ext (13)}) 6.
Nxd4 cxd4 7. Ne2 Nc6 8. O-O Be7 9. d3 O-O 10. Bb3 b5 (10... b6 11. f4 Bb7 12.
f5 Na5 13. Bf4 Nxb3 14. axb3 f6 15. Bd2 e5 16. Rf3 d5 17. Rh3 dxe4 18. dxe4
Bxe4 19. Ng3 Bc6 20. Qh5 h6 21. Re1 Qd5 22. Ne4 Rf7 23. Qg4 Kf8 $17 {0-1 Najer,
E-Yuferov,S/Geller mem (Cup Russia), Moscow RUS 1999 (60)}) 11. f4 Na5 $2 {
If black doesn't intend to take on b3 there is no point wasting two tempis.
'?!' Bangiev.} (11... d5 12. e5 f6 13. exf6 Bxf6 $132) 12. Kh1 {'!' Bangiev.} (
12. Nxd4 {Bangiev} Qb6 13. Be3 Bc5 14. c3 Nc6 $13) 12... d5 (12... Bc5 {Bangiev
} 13. f5 d5 14. Ng3 $36) 13. e5 {'!' Bangiev.} (13. Nxd4 {Bangiev} Qb6 14. Be3
Bc5 15. c3 dxe4 16. dxe4 Bb7 $132) 13... Nc6 14. Bd2 f6 {Trying to solve the
eternal problem of the 'french B' on c8.} (14... a5 {Bangiev} 15. a3 Bb7 $132)
15. exf6 Bxf6 16. f5 $1 {[%csl Gd5][%cal Gb3g8]} e5 (16... exf5 {Bangiev} 17.
Nf4 Ne7 18. Bb4 $36) 17. c3 {'+/=!' Bangiev.} a5 (17... dxc3 {Bangiev} 18. Nxc3
Ne7 19. Qf3 Bb7 20. Nxb5 $14) 18. a3 {It is very important to keep the bishop
on the a2-g8 /^.} (18. cxd4 a4 19. Bc2 (19. dxe5 Bxe5 20. Bc2 (20. d4 Bxh2 21.
Bg5 $1 {[%csl Gd5]} Qd6 $15) 20... a3 $17) 19... exd4 $36) 18... Ne7 {'?!'
Bangiev.} (18... Ra7 {Bangiev} 19. Rc1 $5) (18... Kh8 $5 {Bangiev}) 19. g4 {
[%csl Gf6] '!' Bangiev.} dxc3 20. Nxc3 h6 {[%csl Gf7,Gg6,Gh7]} 21. Ne4 {
'!' Bangiev.} (21. Nxb5 Ba6 22. a4 Rb8) (21. Qf3 $6 {Bangiev} Kh8 $1) 21... Kh7
(21... Qb6 {Bangiev} 22. Nxf6+ Qxf6 23. Re1 {[%cal Re1e5]}) 22. Nxf6+ gxf6 $2 (
22... Rxf6 23. Re1 a4 (23... Nc6 {Bangiev} 24. Rc1 Bb7 25. Ba2 $36 {/\Qf3, /
\Rc5}) 24. Ba2 {[%csl Ge5]} Nc6 25. Qf3 $16) 23. Rf3 Ng8 24. Rh3 {Bangiev: '/
\Bh6'} Qd7 25. Rc1 {'+-' Bangiev. Bangiev: 'Dies soll das Schlagen auf h6
vorbereiten.'} (25. Bxh6 $2 {Bangiev} Nxh6 26. Qd2 Qg7) 25... Bb7 {'?' Bangiev.
} (25... Ra7 {Bangiev} 26. Rc5 $18) 26. Bxh6 $1 {'+-!' Bangiev.} Nxh6 27. Qd2
Kg8 (27... Qg7 28. Rc7 Qxc7 29. Qxh6+ Kg8 30. Qh8+ Kf7 31. Qh7+) 28. Qxh6 (28.
Qxh6 Qg7 29. Qxg7+ Kxg7 30. Rc7+ Rf7 31. Rh7+ Kxh7 32. Rxf7+ $18) 1-0

[Event "Pula zt 1.2"]
[Site "Pula"]
[Date "2000.04.14"]
[Round "4"]
[White "Psakhis, Lev"]
[Black "Stanec, Nikolaus"]
[Result "1-0"]
[WhiteElo "2599"]
[BlackElo "2479"]
[Annotator "Gershon,A"]
[PlyCount "79"]
[EventDate "2000.04.11"]
[EventType "swiss"]
[EventRounds "11"]
[EventCountry "CRO"]
[SourceTitle "CBM 077"]
[Source "ChessBase"]
[SourceDate "2000.07.27"]
[SourceVersion "1"]
[SourceVersionDate "2000.07.27"]
[SourceQuality "1"]

1. e4 c5 2. Nf3 Nc6 3. Bb5 e6 4. Bxc6 dxc6 $6 {A relatively rare capture. On
one hand black loses his strong center, but on the other hand white has more
problems with a plan himself.However, if white plays e4-e5 black's light
squared bishop can be burried as he has no future at all} 5. d3 (5. e5 {
[%csl Re5]} Ne7 6. O-O Ng6 7. Nc3 Be7 8. Re1 O-O 9. d4 $2 cxd4 10. Qxd4 Qxd4
11. Nxd4 Rd8 12. Nf3 h6 13. Be3 b6 14. Ne2 Bb7 15. Nf4 Nf8 16. h4 c5 $17 {
0-1 Aryanejad,H-Stanec,N/Yerevan 1996/EXT 97 (59)}) (5. O-O Ne7 6. Re1 Ng6 7.
e5 Be7 8. d3 O-O 9. a4 f5 10. Bd2 Nh8 11. Qc1 Nf7 12. Nc3 g5 13. h3 h5 14. h4
g4 15. Ng5 Nxg5 16. Bxg5 Bxg5 17. Qxg5+ Qxg5 18. hxg5 b6 19. f4 Kg7 20. a5 b5
21. Ne2 {1/2-1/2 Damaso,R-Stanec,N/Pula 1997/CBM 57 ext (21)}) 5... Ne7 (5...
Qc7 6. O-O Ne7 (6... Bd6 7. Nbd2 Ne7 8. Nc4 e5 9. Bd2 f6 10. a3 Be6 11. Ne3 h5
12. b4 h4 13. c3 Qd7 14. Qe2 O-O-O $132 {1-0 Vidarsson,J-Asgeirsson,H/
Hafnarfjordur 1998/EXT 2000 (36)}) 7. e5 Ng6 8. Qe2 Bd7 9. a4 Be7 10. Re1 f6
11. Na3 O-O 12. exf6 gxf6 13. d4 cxd4 14. Nxd4 e5 15. Qc4+ Rf7 16. Nf3 Qc8 17.
Be3 Be6 18. Qc3 Bd5 19. Nd2 Nh4 $40 {0-1 Lupu,M-Frolov,A/Schwaebisch Gmuend
1994/EXT 97 (37)}) 6. h4 $5 {Provoking a weakenning of K side} (6. Be3 Ng6 7.
Qd2 e5 8. Qc3 Qd6 9. Nbd2 f6 10. g3 Be7 11. Rg1 Be6 12. g4 Nf8 13. Nh4 g6 14.
g5 Nd7 15. Nhf3 b5 16. b3 f5 $2 17. Bf4 $1 O-O 18. Nxe5 Nxe5 19. Bxe5 $16 {
1-0 Kubala,P-Petrov,M/Decin 1997/EXT 98 (59)}) 6... h5 {[%csl Rg5,Rh5]} 7. e5
Ng6 8. Nc3 Be7 9. Qe2 Qc7 (9... Nxh4 10. Nxh4 Bxh4 11. Ne4 $1 Be7 12. Rxh5 $16)
10. Qe4 {[%cal Gb2b3]} c4 {Trying to get some space and activate the light
squared bishop- Now the minuses of black's 4th move become to be visible. The
drawbak of this move is that now black is simply a pawn down with no
compensation for it.} (10... O-O $2 11. Bg5 $1 $16 {[%cal Gg2g4,Gh4h5]}) (10...
Bd7 $142 11. Bg5 Bxg5 12. hxg5 O-O-O 13. O-O-O $14) 11. dxc4 Bd7 12. Bg5 c5 13.
Bxe7 Nxe7 14. O-O-O O-O-O (14... Bc6 15. Qe3 {[%csl Re8]}) 15. Nb5 {Maybe not
the strongest objectively, but the siplest: white changes four pieces after
white black loses any hopes for counterpay.} (15. Qf4 $5 f6 16. Ne4 $16) 15...
Bxb5 16. cxb5 c4 (16... Qa5 17. Qc4 $16) (16... Nd5 $142 17. c4 Nb6 18. Qf4 $16
) 17. c3 {[%csl Rc4]} Ng6 18. Rd4 Rxd4 19. Qxd4 {[%cal Rd4a7]} Rd8 (19... Kb8
20. Rd1 {I addition to the extra material white takes over the only open file})
(19... b6 20. Rd1 Rd8 21. Qxd8+ Qxd8 22. Rxd8+ Kxd8 23. Kd2 {[%cal Gd2e3,Ge3d4]
is completely hopless}) 20. Qxa7 Nf4 (20... Nxe5 21. Qa8+ (21. Nxe5 Qxe5 22.
Qa8+ Qb8 $8 (22... Kc7 23. b6+ Kd7 24. Rd1+ $18) 23. Qxb8+ Kxb8 24. Rd1 $18)
21... Kd7 22. Nxe5+ Ke8 23. Qa4 Qxe5 24. Qxc4 $18) 21. Rd1 Nd3+ 22. Kb1 Rd5 23.
Qa8+ $2 {Again, choosing the safest way, but this time 23.b6 was faster.} (23.
b6 $142 Qb8 (23... Qc6 24. Qa8+ Kd7 25. Qf8 $18) 24. Qa4 $1 $18) 23... Qb8 24.
Qxb8+ Kxb8 {the rest is just a matter of echnique and Psakhis is one of the
best in the world doing that: converting two extra pawns in an endgame is just
too easy for him} 25. a4 f6 26. exf6 gxf6 27. Kc2 {[%cal Gb2b3]} Rf5 (27...
Nxf2 $142 28. Rxd5 (28. Re1 $5 e5 29. Nd2 Nd3 30. Rf1 Nxb2 $1 31. Rxf6 Nxa4 32.
b6 {[%cal Gf6f8]} Rc5 33. Rh6 Kc8 34. Ne4 Rc6 35. Rxh5 $18 {[%csl Gg2,Gh4]})
28... exd5 29. a5 $18 {[%cal Gc2d2,Gd2e3,Ge3d4]}) 28. b3 e5 (28... Nxf2 29. Rd7
cxb3+ 30. Kxb3 $18) 29. bxc4 Nxf2 30. Rd7 e4 31. b6 Rc5 32. Rd8+ Rc8 33. Rxc8+
Kxc8 {Here black could have resigned, I suspect the players were in a time
trouble and black simply hadn't enough time to evaluate the position.} 34. Nd4
Nd3 35. g3 Ne5 36. c5 Nd3 37. c6 bxc6 38. a5 Kb7 39. Ne6 f5 40. Kd2 1-0

[Event "MK Cafe Cup-A"]
[Site "Koszalin"]
[Date "1999.08.05"]
[Round "3"]
[White "Zezulkin, Jurij"]
[Black "Przedmojski, Rafal"]
[Result "1-0"]
[WhiteElo "2478"]
[BlackElo "2405"]
[Annotator "Gershon,A"]
[PlyCount "117"]
[EventDate "1999.08.03"]
[EventType "swiss"]
[EventRounds "9"]
[EventCountry "POL"]
[SourceTitle "CBM 073"]
[Source "ChessBase"]
[SourceDate "1999.12.01"]
[SourceVersion "1"]
[SourceVersionDate "1999.12.01"]
[SourceQuality "1"]

1. e4 c5 2. Nf3 (2. Nc3 Nc6 3. Bb5 Nd4 4. Bc4 e6 5. Nf3 Ne7 (5... Nxf3+ 6. Qxf3
a6 7. a4 Ne7 8. O-O Nc6 9. d3 Be7 10. Be3 O-O 11. Qh5 f5 12. f4 Nb4 13. Bb3 d5
14. exd5 exd5 15. Nb1 Be6 16. Qe2 Bf7 17. c3 d4 18. Bxf7+ Rxf7 19. Bxd4 cxd4
20. cxb4 Bxb4 $15 {1/2-1/2 Balashov,Y-Epishin,V/St.Petersburg 1996/CBM 56 ext 
(43)}) 6. Nxd4 cxd4 7. Ne2 Nc6 8. O-O Be7 (8... a6 9. d3 g6 10. Bf4 d6 11. Qd2
Bg7 12. Bh6 O-O 13. Bb3 Qb6 14. Ng3 Qc5 15. Rac1 Bd7 16. c3 Bxh6 17. Qxh6 Rac8
18. Ne2 Qb6 19. Nxd4 Nxd4 20. Qe3 a5 21. Qxd4 Qxd4 22. cxd4 $16 {1-0 Najer,
E-Sumets,A/Bydgoszcz POL 1999 (52)}) 9. d3 O-O 10. Bb3 (10. a3 Bf6 11. Ng3 g6
12. f4 d5 13. exd5 exd5 14. Bb3 Ne7 15. f5 Nxf5 16. Nxf5 Bxf5 17. Qf3 Bg7 18.
Bxd5 Rc8 19. Bb3 b6 {1/2-1/2 Lalic,S-Koglin,A/Dresden 1998/EXT 99 (19)}) 10...
b6 11. f4 Bb7 12. f5 Na5 13. Bf4 Nxb3 14. axb3 f6 15. Bd2 e5 16. Rf3 d5 17. Rh3
dxe4 18. dxe4 Bxe4 19. Ng3 Bc6 20. Qh5 h6 21. Re1 Qd5 $17 {0-1 Najer,E-Yuferov,
S/Geller mem (Cup Russia), Moscow RUS 1999 (60)}) 2... Nc6 (2... e6 3. Nc3 Nc6
4. Bb5 Nd4 5. Bc4 a6 6. Nxd4 cxd4 7. Ne2 b5 8. Bb3 Bb7 9. d3 Bc5 10. c3 d5 11.
exd5 Bxd5 12. Bxd5 Qxd5 13. O-O Nf6 14. c4 Qd7 15. cxb5 axb5 16. Bf4 O-O 17.
Qb3 Nd5 18. Rfc1 Rfc8 19. Be5 Nb6 20. a3 f6 21. Bf4 Kh8 22. Ng3 {1/2-1/2
Zahariev,Z-Bagaturov,G/Chania 1997/EXT 98 (22)}) 3. Nc3 Nd4 4. Bc4 e6 5. O-O
Ne7 {White has got the usual position with one tempo more (5.0-0) that he
saved on Bb5-c4} (5... Bd6 6. Nxd4 cxd4 7. Nb5 Bb8 8. d3 Qb6 9. a4 Nf6 10. a5
Qc5 11. b4 Qxb4 12. Ba3 Qxa5 13. Nd6+ Bxd6 14. Bxd6 Qd8 15. e5 Ng8 16. f4 Nh6
17. f5 Qg5 18. fxe6 fxe6 19. Kh1 Nf5 20. Qf3 h5 21. Rae1 g6 22. Re4 {0-1 Losev,
D-Vaulin,A/Geller mem (Cup Russia), Moscow RUS 1999 (22)}) 6. Nxd4 cxd4 7. Ne2
Nc6 8. d3 Be7 9. Ng3 O-O 10. Bb3 Na5 11. Bd2 Nxb3 12. axb3 d5 (12... b6 $142
13. f4 Bb7 14. f5 e5 {[%cal Gd7d5,Gb7g2]}) 13. e5 {[%csl Gc8]} f5 $2 {With
this move black devaluates his bishops.} (13... f6 $142 14. f4 Qc7 {[%csl Gc2,
Ge5]} 15. exf6 (15. Re1 fxe5 16. fxe5 Bh4 $11) 15... Bxf6 16. Bb4 Rf7 17. Qe2 {
[%cal Gg3h5]} g6 $13) 14. Ne2 Bc5 15. Ba5 $5 Qe7 $2 {Black probably missed
white's reply} (15... b6 {was necessary} 16. Bd2 {[%csl Gd4][%cal Gb3b4]} b5 {
[%csl Gc5]} 17. Qe1 (17. Ba5 Qe7 18. Qd2 (18. b4 Bxb4 19. Bxb4 $5 (19. Nxd4 Bc5
(19... Bxa5 $2 20. Rxa5 Qb4 21. Nb3 {[%csl Gc5,Rc8][%cal Gd3d4]} d4 $8 22. Qf3
Bd7 23. Qf4 $16) 20. Nb3 d4 21. Qd2 Bb7 22. Nxc5 Qxc5 23. Bb4 Qd5 24. f4 $14)
19... Qxb4 20. Qe1 Qc5 21. Qd2 {[%cal Gb2b4,Ye2c1,Yc1b3,Yb3c5,Ga1a5]} b4 $1 22.
Nc1 a5 23. Nb3 Qb6 24. Qf4 a4 25. Qxd4 Qb5 $11) 18... b4 19. Ra4 Rb8 20. Rfa1
Bd7 21. R4a2 Rfc8 $13) 17... Qe7 18. f4 $14) 16. Qe1 $1 {[%cal Gb3b4]} a6 (
16... b6 17. b4 $1 bxa5 18. bxc5 Qxc5 19. Qd2 Qc7 20. f4 $16 {The white knight
and the black bishop are just uncomparable here.}) 17. b4 Ba7 18. b5 {[%cal
Ga5b4,Gb5b6] The most unpleasant threat is b7 followed by f2-f4 burrying black
rook and bishop alive} Qc5 (18... axb5 $2 19. Bb4 Qf7 20. Bxf8 Qxf8 21. Nxd4
$18 {[%cal Ga1a8]}) (18... Bc5 $142 19. b4 b6 20. bxc5 bxa5 21. Qxa5 Qxc5 22.
Ra2 $16) 19. Bb4 Qxb5 20. Bxf8 Kxf8 21. b3 {The position hasn't really changed,
only that now white is an exchange up, and black still has no counterplay.
White's plan is now to slowly improve his position ( possibly exchange queens
to reduce black's counterplay abilities) and prepare the opening of lines ( on
the K side). Meanwhile black's plan consists of: 1.watching 2. waiting} Bd7 22.
Ra4 Bc5 23. Qa5 $1 (23. Nxd4 $4 Qb6 $15) 23... Qxa5 (23... Rc8 24. Qxb5 Bxb5
25. Ra2 {is similar to the game}) 24. Rxa5 Bb6 25. Ra2 Rc8 26. f4 {[%cal Gh2h3,
Gg2g4] The opening of the king side is inevitable sooner or later.} h6 27. h3
g5 28. Kf2 {[%csl Gc2][%cal Gf2e1,Ge1d2,Ya2a1,Ya1h1]} (28. g4 $6 {Would create
an unnecessary tension. White should not hurry} Ke7 29. gxf5 exf5 {and now
opening lines will mean a creation of two connected passed pawns for black.})
28... Ke7 29. g3 Be8 30. Rg1 {only now threatenning g2-g4 (the g5 pawn will be
attcaked)} g4 (30... Kf7 31. g4 Kg6 32. Kf3 Bd7 33. h4 gxh4 34. Rh1 $18) 31.
Rh1 h5 32. hxg4 hxg4 33. Rh7+ {The first step of white's plan is complete.Now
the rooks show why they are better than bishops ( especially when the bishops
have less than 5 possible moves combined)} Bf7 34. Ke1 Kf8 {[%cal Gf8g8]} 35.
Rh8+ $1 {the idea will become clear three moves later} Bg8 36. Kd1 {freeing
the other rook} Kg7 37. Rh2 Bf7 38. Ra4 {[%csl Gd4]} Be8 {The bishop gets back
to e8, but it's too little and too late} 39. Rb4 Bb5 40. Nxd4 Bxd4 (40... Ba5
41. Nxe6+ Kf7 42. Ng5+ Kg6 43. Rd4 $18) 41. Rxd4 a5 42. c4 Bc6 43. Ra2 Rh8 (
43... b6 44. b4 axb4 45. Ra7+ Kg6 46. Re7 $18) 44. Rxa5 dxc4 45. dxc4 Rh3 {
trying to generate some counerchances} 46. Rd3 Bf3+ 47. Rxf3 (47. Ke1 Rxg3 48.
Ra8 Rg1+ 49. Kf2 Rg2+ 50. Kf1 {is, of course, winning as well, but the text
leads to an easy theoretical position}) 47... gxf3 48. Ke1 Rxg3 (48... Rh2 49.
Rb5 Kg6 50. Rxb7 Re2+ 51. Kf1 Kh5 52. c5 Kg4 53. Rg7+ Kh3 54. c6 $18) 49. Kf2
Rg2+ 50. Kxf3 Rc2 51. Rb5 Kg6 52. Rxb7 {The rest could be spared} Kh5 53. Rh7+
Kg6 54. Rb7 Kh5 55. Ke3 Kg4 56. Rg7+ Kh3 57. Kd3 Rb2 58. Kc3 Rf2 59. c5 1-0